| 000 | 01050cam a22002651i 4500 | ||
|---|---|---|---|
| 003 | SA-RiAUC | ||
| 005 | 20250615053411.0 | ||
| 008 | 250610s2012 su f b 00010 ara c | ||
| 020 | _a9786144042762 | ||
| 040 |
_aKW-KcNLK _bara _cSA-RiAUC. _erda |
||
| 082 | 0 | 4 |
_a810.9 _qSA-RiAUC |
| 090 |
_a810.9 _bز هـ ر |
||
| 100 | 1 |
_aالزهراني، معجب _eمؤلف. |
|
| 245 | 1 | 0 |
_aمقاربات حوارية : _bدراسات / _cمعجب الزهراني. |
| 250 | _aالطبعة الأولى. | ||
| 264 | 1 |
_aمكة المكرمة : _aبيروت : _bنادي مكة الثقافي الأدبي ؛ _bمؤسسة الانتشار العربي، _c2012 |
|
| 300 |
_a408 صفحة ؛ _c24 سم |
||
| 336 |
_aنص _btxt _2rdacontent _3كتاب |
||
| 337 |
_aبدون وسيط _bn _2rdamedia |
||
| 338 |
_aمجلد _bnc _2rdacarrier |
||
| 504 | _aيشتمل على إرجاعات ببليوجرافية. | ||
| 650 | 7 |
_aالأدب العربي _xتاريخ ونقد _yقرن 21 _2aucsh |
|
| 942 |
_2ddc _cBOOK _n0 |
||
| 949 |
_aSA-JeALM _d250610 _umohamedma123 _n1 |
||
| 999 |
_c8945 _d8945 |
||